000 00849nam a2200217Ia 4500
003 GCL
008 140319s9999 xx 000 0 ara d
040 _aGCL /
_cGCL
082 0 4 _aق
_b929.7
_bم ك
100 1 _aسعيد عبدالفتاح عاشور
245 1 0 _aكتاب السلوك لمعرفة دول الملوك /
_cسعيد عبدالفتاح عاشور
700 1 _aالمقريزى : تقى الدين ابو العباس احمد بن على بن عبدالقادر بن محمد الحسينى العبيدى
250 _aالاولى
260 _aالقاهرة :
_bدار الكتب ،
_c1970
300 _a947ص ؛
_c30سم
650 0 4 _aالدولة الفاطمية
650 0 4 _aالملوك والحكام
650 0 4 _aالدولة الايوبية
650 0 4 _aالملوك المصريون
942 _2ddc
_cREF
999 _c59331
_d59331